Politica y comportamientos sociales en america latina (Registro nro. 27118)
[ vista simple ]
| 000 -LEADER | |
|---|---|
| fixed length control field | 00388 a2200121 4500 |
| 001 - CONTROL NUMBER | |
| control field | ART_13991 |
| 005 - DATE AND TIME OF LATEST TRANSACTION | |
| control field | 20260410161914.0 |
| 008 - FIXED-LENGTH DATA ELEMENTS--GENERAL INFORMATION | |
| fixed length control field | 260409a |
| 100 1# - MAIN ENTRY--PERSONAL NAME | |
| Personal name | Faletto, Enzo |
| 245 10 - TITLE STATEMENT | |
| Title | Politica y comportamientos sociales en america latina |
| 700 1# - ADDED ENTRY--PERSONAL NAME | |
| Personal name | Kirkwood, Julieta |
| 773 0# - HOST ITEM ENTRY | |
| Title | Revista Paraguaya de Sociología |
| Related parts | - Año 17, Nº 49 (sep./dic. 1980) |
| Record control number | REV13424 |
No hay ítems disponibles.